| 000 | 00707nam a2200229Ia 4500 | ||
|---|---|---|---|
| 005 | 20250508160846.0 | ||
| 008 | 008 250505s9999 xx 000 0 eng d | ||
| 020 | _a0-7002-2451-3 | ||
| 037 | _aTextual | ||
| 040 |
_aFEDL _beng _cFEDL |
||
| 041 |
_aeng _2eng |
||
| 084 |
_a157.9, FAR _qFEDL |
||
| 100 |
_aFarwell Gail F. Ed. _9769569 |
||
| 245 | 0 | _aCounselor's hand book | |
| 260 |
_aNew York, USA _bIntext Educational Publishers _c1974 |
||
| 300 | _ax,530p. | ||
| 490 | _aIntext series in guidance and counseling | ||
| 650 | _aAbnormal Psychology | ||
| 700 |
_a Gamsky Neal R. Ed. Mathieu - Coughlan Philippa Ed. _9769570 |
||
| 942 |
_cTEXL _h157.9, FAR |
||
| 999 |
_c1367034 _d1367034 |
||